| 000 | 00562nam a2200193Ia 4500 | ||
|---|---|---|---|
| 008 | 131003t2010 xxu||||| |||| 00| 0 sin d | ||
| 041 | _asin | ||
| 080 |
_a8-31 (Inde _bya) |
||
| 100 | _aDavid,Esther | ||
| 245 | _aපවුරු බැඳි පුරවර | ||
| 246 | _aPauru Badi Purawara | ||
| 260 |
_aVidharshana _aDehiwala _c2010 |
||
| 300 | _b194p, 21 cm | ||
| 500 | _aSinhalese translation of Esther David's of The Walled City | ||
| 700 |
_aKoggalage,Dilma Kumari _etr. |
||
| 942 | _cBK | ||
| 999 |
_c42233 _d42233 |
||
| 003 | LK-CoDNM | ||
| 040 |
_aLK-CoDNM _dLK-CoDNM _eLK-CoDNM |
||